Paul, campaigner for Christ. (Record no. 5169)

000 -LEADER
fixed length control field 00570nam a2200181 a 4500
001 - CONTROL NUMBER
control field :::00002910$&:&@@
003 - CONTROL NUMBER IDENTIFIER
control field OkBaRHE
005 - DATE AND TIME OF LATEST TRANSACTION
control field 20000607103258.0
008 - FIXED-LENGTH DATA ELEMENTS--GENERAL INFORMATION
fixed length control field s1915 j 000 0 eng u
040 ## - CATALOGING SOURCE
Transcribing agency
100 1# - MAIN ENTRY--PERSONAL NAME
Personal name Lowstuter, W. J.
245 10 - TITLE STATEMENT
Title Paul, campaigner for Christ.
260 ## - PUBLICATION, DISTRIBUTION, ETC. (IMPRINT)
Place of publication, distribution, etc Denver, CO., :
Name of publisher, distributor, etc Epworth League of the Methodist Episcopal Church
Date of publication, distribution, etc c1915
300 ## - PHYSICAL DESCRIPTION
Extent 175 p. ;
Dimensions 19 cm.
650 ## - SUBJECT ADDED ENTRY--TOPICAL TERM
Topical term or geographic name as entry element Paul, Saint, apostle
942 ## - ADDED ENTRY ELEMENTS (KOHA)
Source of classification or shelving scheme
Koha item type Books
Copies
Date acquired Withdrawn status Barcode Full call number Copy number Price effective from Not for loan Permanent Location Source of classification or shelving scheme Koha item type Lost status Shelving location Damaged status Date last seen
2010-04-14 2910BS 2505 .L58P312010-04-14 RHEMA Bible Training College Books General Stacks 2018-03-16